| Tag |
First Indicator |
Second Indicator |
Subfields |
| LEADER |
00000cam a2200000 i 4500 |
| 001 |
in00000306713 |
| 005 |
20151010093320.0 |
| 008 |
790518r19751937miu 00110 eng d |
| 035 |
|
|
|a (OCoLC)04978608
|
| 035 |
|
|
|9 ABG7954AM
|
| 040 |
|
|
|a TXA
|c TXA
|d UtOrBLW
|
| 049 |
|
|
|a TXAM
|c [957403]
|
| 090 |
|
|
|a BR45
|b .B3 1975
|
| 100 |
1 |
|
|a Brabant, Frank Herbert,
|d 1892-
|
| 245 |
1 |
0 |
|a Time and eternity in Christian thought ;
|b being eight lectures delivered before the University of Oxford, in the year 1936, on the foundation of the Rev. John Bampton, canon of Salisbury /
|c by Frank Herbert Brabant.
|
| 264 |
|
1 |
|a London,
|a New York :
|b Longmans, Green and Co.,
|c 1937.
|
| 300 |
|
|
|a vii, 283 pages ;
|c 23 cm.
|
| 336 |
|
|
|a text
|b txt
|2 rdacontent
|
| 337 |
|
|
|a unmediated
|b n
|2 rdamedia
|
| 338 |
|
|
|a volume
|b nc
|2 rdacarrier
|
| 490 |
1 |
|
|a Bampton lectures ;
|v 1936]
|
| 500 |
|
|
|a "First published 1937."
|
| 500 |
|
|
|a Photocopy. Ann Arbor, Mich. : Xerox University Microfilms, 1975.--23 cm.
|
| 500 |
|
|
|a Includes index.
|
| 650 |
|
0 |
|a Eternity.
|
| 650 |
|
0 |
|a Time.
|
| 650 |
|
0 |
|a God.
|
| 650 |
|
0 |
|a Philosophy and religion.
|
| 830 |
|
0 |
|a Bampton lectures ;
|v 1936.
|
| 999 |
|
|
|a MARS
|
| 999 |
f |
f |
|s feb4f978-6a22-3d93-8bea-5b21197e2ea3
|i 4baba443-e212-37a0-aab6-838f6634a932
|t 0
|
| 952 |
f |
f |
|p normal
|a Texas A&M University
|b College Station
|c Sterling C. Evans Library
|d Evans: Library Stacks
|t 0
|e BR45 .B3 1975
|h Library of Congress classification
|i unmediated -- volume
|m A14801758213
|
| 998 |
f |
f |
|a BR45 .B3 1975
|t 0
|l Evans: Library Stacks
|